<?xml version="1.0" encoding="UTF-8"?>
<record
    xmlns:xsi="http://www.w3.org/2001/XMLSchema-instance"
    xsi:schemaLocation="http://www.loc.gov/MARC21/slim http://www.loc.gov/standards/marcxml/schema/MARC21slim.xsd"
    xmlns="http://www.loc.gov/MARC21/slim">

  <leader>01862nam a22002057a 4500</leader>
  <controlfield tag="008">250703b        |||||||| |||| 00| 0 eng d</controlfield>
  <datafield tag="020" ind1=" " ind2=" ">
    <subfield code="a">9781523006861</subfield>
  </datafield>
  <datafield tag="040" ind1=" " ind2=" ">
    <subfield code="c">tbs</subfield>
  </datafield>
  <datafield tag="041" ind1=" " ind2=" ">
    <subfield code="a">eng</subfield>
  </datafield>
  <datafield tag="050" ind1=" " ind2=" ">
    <subfield code="a">HM831</subfield>
    <subfield code="b">.K34 2025</subfield>
  </datafield>
  <datafield tag="100" ind1=" " ind2=" ">
    <subfield code="a">Kahane, Adam</subfield>
    <subfield code="9">25649</subfield>
    <subfield code="e">author</subfield>
  </datafield>
  <datafield tag="245" ind1=" " ind2=" ">
    <subfield code="a">Everyday habits for transforming systems</subfield>
    <subfield code="b">: the catalytic power of radical engagement</subfield>
    <subfield code="c">/ Adam Kahane.</subfield>
  </datafield>
  <datafield tag="260" ind1=" " ind2=" ">
    <subfield code="a">Oakland, CA :</subfield>
    <subfield code="b">Berrett-Koehler Publishers, </subfield>
    <subfield code="c">2025.</subfield>
  </datafield>
  <datafield tag="300" ind1=" " ind2=" ">
    <subfield code="a">xii, 184 pages :</subfield>
    <subfield code="b">illustrations ;</subfield>
    <subfield code="c">22 cm.</subfield>
  </datafield>
  <datafield tag="505" ind1=" " ind2=" ">
    <subfield code="a">Introduction : transforming systems requires engaging radically &#x2014; Acting responsibly &#x2014; Relating in three dimensions &#x2014; Looking for what's unseen &#x2014; Working with cracks &#x2014;
Experimenting a way forward &#x2014; Collaborating with unlike others &#x2014; Persevering and resting &#x2014; Conclusion : begin anywhere.</subfield>
  </datafield>
  <datafield tag="520" ind1=" " ind2=" ">
    <subfield code="a">Adam Kahane's Everyday Habits of Systems Transformers offers a set of straightforward, high-leverage everyday personal practices that are explicitly linked to transforming larger social systems. More and more people are coming to understand that the way the world is designed isn't working for most, and they can neither ignore this reality nor change it just through acting on their own. Systemic transformation, rather than just individual leadership or personal growth practices, is necessary to create a better world. What practices enable leaders to transform systems? This book aims to inspire and instruct the reader on practical, day-to-day ways to work more effectively with others across deep political, economic, social, cultural, and sectoral differences to transform social systems. Incorporating real stories, it is suspenseful and human, full of trial and error, failure as well as success, in pursuit of a better world.</subfield>
  </datafield>
  <datafield tag="650" ind1=" " ind2="0">
    <subfield code="a">Social change</subfield>
    <subfield code="9">9235</subfield>
  </datafield>
  <datafield tag="650" ind1=" " ind2="0">
    <subfield code="a">Social action</subfield>
    <subfield code="9">25650</subfield>
  </datafield>
  <datafield tag="942" ind1=" " ind2=" ">
    <subfield code="2">lcc</subfield>
  </datafield>
  <datafield tag="952" ind1=" " ind2=" ">
    <subfield code="0">0</subfield>
    <subfield code="1">0</subfield>
    <subfield code="2">lcc</subfield>
    <subfield code="4">0</subfield>
    <subfield code="7">0</subfield>
    <subfield code="a">TBS</subfield>
    <subfield code="b">TBS</subfield>
    <subfield code="d">2025-07-03</subfield>
    <subfield code="l">0</subfield>
    <subfield code="o">HM831 KAH</subfield>
    <subfield code="p">B05805</subfield>
    <subfield code="r">2025-07-03</subfield>
    <subfield code="t">1</subfield>
    <subfield code="w">2025-07-03</subfield>
    <subfield code="y">1</subfield>
  </datafield>
  <datafield tag="999" ind1=" " ind2=" ">
    <subfield code="c">4818</subfield>
    <subfield code="d">4818</subfield>
  </datafield>
</record>
